Financial management : (Record no. 117776)
[ view plain ]
| 000 -LEADER | |
|---|---|
| fixed length control field | 00528nam a2200169Ia 4500 |
| 008 - FIXED-LENGTH DATA ELEMENTS--GENERAL INFORMATION | |
| fixed length control field | 140529s9999 xx 000 0 und d |
| 020 ## - INTERNATIONAL STANDARD BOOK NUMBER | |
| International Standard Book Number | 9789814281713 |
| 050 ## - LIBRARY OF CONGRESS CALL NUMBER | |
| Classification number | HG 4026 |
| Item number | .Sm636 2009 |
| 100 ## - MAIN ENTRY--PERSONAL NAME | |
| Personal name | Smart, Scott B. |
| 245 ## - TITLE STATEMENT | |
| Title | Financial management : |
| Remainder of title | an introduction / |
| Statement of responsibility, etc | Scott B. Smart, William L. Megginson |
| 260 ## - PUBLICATION, DISTRIBUTION, ETC. (IMPRINT) | |
| Place of publication, distribution, etc | Singapore : |
| Name of publisher, distributor, etc | Cengage Learning Asia Pte Ltd., |
| Date of publication, distribution, etc | c2009. |
| 300 ## - PHYSICAL DESCRIPTION | |
| Extent | 648 p. : |
| Other physical details | ill. ; |
| Dimensions | 23 cm. |
| 500 ## - GENERAL NOTE | |
| General note | Includes glossary and index. |
| 521 ## - TARGET AUDIENCE NOTE | |
| Target audience note | |
| 942 ## - ADDED ENTRY ELEMENTS (KOHA) | |
| Call number prefix | Foreign |
| Koha item type | Books |
| Withdrawn status | Lost status | Damaged status | Home library | Current library | Shelving location | Date acquired | Total Checkouts | Total Renewals | Full call number | Barcode | Date last seen | Date checked out | Price effective from | Koha item type |
|---|---|---|---|---|---|---|---|---|---|---|---|---|---|---|
| College Library | College Library | General Circulation Section | 05/30/2014 | 7 | 15 | HG 4026 .Sm636 2009 | C17090 | 05/28/2018 | 05/12/2018 | 05/30/2014 | Books |